000
00229nam a2200097Ia 4500
008
240331s9999 xx 000 0 und d
082
_b
HSU
100
_a
Hsueh-Chin, T
245
2
_a
A Dream of Red Mansions :
_b
Volume III
942
_c
L
999
_c
3358
_d
3358